000
00258nam a2200097Ia 4500
001
683560
005
20250826161441.0
008
250824s9999 xx 000 0 und d
245
0
_a
ANKARA ÇILGIN GEZGİNİN EL KİTABI
_c
MAZLUM AKIN
260
_b
TİMAŞ YAYINLARI
999
_c
683560
_d
683560